书目信息 |
| 题名: |
非洲鼓民谣之旅
|
|
| 作者: | 马俊 编著 | |
| 分册: | ||
| 出版信息: | 重庆 西南师范大学出版社 2019 |
|
| 页数: | 250页 | |
| 开本: | 29cm | |
| 丛书名: | ||
| 单 册: | ||
| 中图分类: | J632.52 | |
| 科图分类: | ||
| 主题词: | 鼓--奏法 | |
| 电子资源: | ||
| ISBN: | 978-7-5621-9708-9 | |
| 000 | 00992nam0 2200217 450 | |
| 001 | 2349660838 | |
| 005 | 20230923134755.99 | |
| 010 | @a978-7-5621-9708-9@dCNY54.00 | |
| 100 | @a20200113d2019 em y0chiy50 ea | |
| 101 | 0 | @achi |
| 102 | @aCN@b500000 | |
| 105 | @aag z 000yy | |
| 200 | 1 | @a非洲鼓民谣之旅@Afei zhou gu min yao zhi lv@f马俊编著 |
| 210 | @a重庆@c西南师范大学出版社@d2019 | |
| 215 | @a250页@c图@d29cm | |
| 330 | @a本书作者整理,归纳,规范并且创新了非洲鼓的现代演奏技巧。作者把国内外著名的乐队,歌手,以及用非洲鼓演奏的经典民谣,不插电歌曲,编写成了一本从零音乐基础到精通非洲鼓民谣演奏的由浅入深的专业教材。全书分为三个部分,第一部分为非洲鼓的介绍,包括非洲鼓的外形种类,音色,演奏姿势等内容;第二部分是通过《安河桥》《天空》等乐曲讲解知识点;第三部分是乐曲练习,这一部分选曲有《一瞬间》《乌兰巴托的夜》《小宝贝》等脍炙人口的歌曲。 | |
| 606 | 0 | @a鼓@x奏法 |
| 690 | @aJ632.52@v5 | |
| 701 | 0 | @a马俊@Ama jun@4编著 |
| 801 | 0 | @aCN@b安徽时代@c20230923 |
| 905 | @aBZT@dJ632.52@e3 | |
| 非洲鼓民谣之旅/马俊编著.-重庆:西南师范大学出版社,2019 |
| 250页:图;29cm |
| ISBN 978-7-5621-9708-9:CNY54.00 |
| 本书作者整理,归纳,规范并且创新了非洲鼓的现代演奏技巧。作者把国内外著名的乐队,歌手,以及用非洲鼓演奏的经典民谣,不插电歌曲,编写成了一本从零音乐基础到精通非洲鼓民谣演奏的由浅入深的专业教材。全书分为三个部分,第一部分为非洲鼓的介绍,包括非洲鼓的外形种类,音色,演奏姿势等内容;第二部分是通过《安河桥》《天空》等乐曲讲解知识点;第三部分是乐曲练习,这一部分选曲有《一瞬间》《乌兰巴托的夜》《小宝贝》等脍炙人口的歌曲。 |
| ● |
| 相关链接 |
|
|
|
正题名:非洲鼓民谣之旅
索取号:J632.52/3
 
预约/预借
| 序号 | 登录号 | 条形码 | 馆藏地/架位号 | 状态 | 备注 |
| 1 | 2000916955 | 2000916955 | 第四书库/四35架A面3层2列/ [索取号:J632.52/3] | 在馆 | |
| 2 | 2000916956 | 2000916956 | 第四书库/四35架A面3层2列/ [索取号:J632.52/3] | 在馆 | |
| 3 | 2000916957 | 2000916957 | 第四书库/四35架A面3层2列/ [索取号:J632.52/3] | 在馆 | |
| 4 | 2000916958 | 2000916958 | 第四书库/四35架A面3层2列/ [索取号:J632.52/3] | 在馆 | |
| 5 | 2000916959 | 2000916959 | 第四书库/四35架A面3层2列/ [索取号:J632.52/3] | 在馆 | |
| 6 | 2000916960 | 2000916960 | 第四书库/四35架A面3层2列/ [索取号:J632.52/3] | 在馆 |